00721nam a2200241 a 4500001001300000003000900013005001700022008004100039020002300080082001500103100002100118245006200139260003300201300000900234500003500243505001000278650002200288700002100310902000800331942000700339952011600346999001700462nice12345678IN_TiNIC20260116013823.0050524s1992 newa grp 000 0 eng  a0038119 c30000a954.9bSAY aSayeed, Khalid B aPolitics in Pakistanb the Nature and Direction of Change aNew YorkbPraeger Pub c1992 a235p aincludes index and biblioraphy2 aNotes aPakistan-Politics1 aSayeed, Khalid B bSRS cBK 001040708StackRoom-aHMIbHMId2007-04-11g300.00l0o954.9 SAYp016672r2007-04-11v300.00w2005-05-24yBK c12656d12656